Jiná Krajina: Doctrine of convergence through the eyes of institutional economics

Štruktúrovaný prehľad o práci profesora Johna Kennetha Galbraitha, Kanaďana-ekonóma, ktorého myšlienky, prístupy a inovácie pozitívne obohatili ekonomickú vedu. Inštitucionálna ekonómia a jej vývoj.

Salvato in:
Dettagli Bibliografici
Autore principale: Hudec, Martin
Natura: Capitolo di libro
Lingua:inglese
Soggetti:
Tags: Aggiungi Tag
Nessun Tag, puoi essere il primo ad aggiungerne!!

MARC

LEADER 00000nla a2200000 4500
001 0224918
005 20240502073702.3
041 0 |a eng 
044 |a SK 
245 1 0 |a Jiná Krajina: Doctrine of convergence through the eyes of institutional economics  |c Martin Hudec 
520 |a Štruktúrovaný prehľad o práci profesora Johna Kennetha Galbraitha, Kanaďana-ekonóma, ktorého myšlienky, prístupy a inovácie pozitívne obohatili ekonomickú vedu. Inštitucionálna ekonómia a jej vývoj. 
610 2 0 |a veda ekonomická 
610 2 0 |a kategórie ekonomické 
610 2 0 |a teórie ekonomické 
610 2 0 |a systémy ekonomické 
610 2 0 |a inštitucionalizmus 
610 2 0 |a konvergencia 
610 2 0 |a ekonómovia 
100 1 |a Hudec, Martin